Normal view
MARC view
- MBA entrance exam guide
Entry Topical Term
001 - CONTROL NUMBER
- control field: 5814
003 - CONTROL NUMBER IDENTIFIER
- control field: OSt
005 - DATE AND TIME OF LATEST TRANSACTION
- control field: 20240203152404.0
008 - FIXED-LENGTH DATA ELEMENTS
- fixed length control field: 240203|| aca||aabn | a|a d
040 ## - CATALOGING SOURCE
- Original cataloging agency: OSt
- Transcribing agency: OSt
150 ## - HEADING--TOPICAL TERM
- Topical term or geographic name as entry element: MBA entrance exam guide
670 ## - SOURCE DATA FOUND
- Source citation: Work cat.: (OSt)13832: Gupta R 1571, Popular Master Guide MBA Entrance Examinations
